Normal view
MARC view
Entry Personal Name
001 - CONTROL NUMBER
- control field: 5005
003 - CONTROL NUMBER IDENTIFIER
- control field: OSt
005 - DATE AND TIME OF LATEST TRANSACTION
- control field: 20150527162451.0
008 - FIXED-LENGTH DATA ELEMENTS
- fixed length control field: 150527|| aca||aabn | a|a d
040 ## - CATALOGING SOURCE
- Original cataloging agency: OSt
- Transcribing agency: OSt
100 ## - HEADING--PERSONAL NAME
- Personal name: Kakungulu, Semei,
- Dates associated with a name: 1868-1928.
670 ## - SOURCE DATA FOUND
- Source citation: Work cat.: (OSt)1904: Twaddle, Michael. 5004, Kakungulu & the creation of Uganda, 1868-1928 /, 1993.
